[Event "Brasiliense sf 03"]
[Site "Brazil"]
[Date "2010.07.15"]
[Round "3"]
[White "Japiassu, Ricardo de Villa No"]
[Black "Barbosa, Simael Vieira"]
[Result "0-1"]
[WhiteElo "1883"]
[BlackElo "1963"]
[PlyCount "80"]
[EventDate "2010.07.13"]
[EventType "swiss"]
[EventRounds "7"]
[EventCountry "BRA"]
[SourceTitle "EXT 2012"]
[Source "ChessBase"]
[SourceDate "2011.11.24"]
[SourceVersion "1"]
[SourceVersionDate "2011.11.24"]
[SourceQuality "1"]

1. Nf3 Nf6 2. c4 g6 3. g3 Bg7 4. Bg2 0-0 5. 0-0 c6 6. Nc3 d5 7. cxd5 cxd5 8. d4 Nc6 9. b3 a6 10. Na4 Ne4 11. Ba3 b5 12. Nc5 b4 13. Bb2 Nxc5 14. Qc2 Bb7 15. dxc5 e5 16. Rfd1 Qd7 17. Rac1 Rad8 18. Ng5 Qe7 19. h4 h6 20. Nh3 d4 21. Qc4 Rb8 22. Be4 Qd7 23. Kh2 Kh8 24. e3 f5 25. Bg2 Na5 26. Qf1 Bxg2 27. Qxg2 Nc6 28. exd4 exd4 29. Rd3 Ne5 30. c6 Qc7 31. Rd2 Rb6 32. Nf4 Qd6 33. c7 Rc8 34. Nd5 Rb5 35. Nf4 Rxc7 36. Rxc7 Qxc7 37. Ne6 Ng4+ 38. Kh3 Qc8 39. Nxg7 f4 40. Qf3 Ne5+ 0-1

[Event "Brasilia-ch sf2 50th"]
[Site "Brasilia"]
[Date "2010.06.27"]
[Round "6"]
[White "Barbosa, Simael Vieira"]
[Black "Navarro, Tiago Cunha"]
[Result "0-1"]
[WhiteElo "1963"]
[BlackElo "2181"]
[PlyCount "64"]
[EventDate "2010.06.19"]
[EventType "swiss"]
[EventRounds "7"]
[EventCountry "BRA"]
[SourceTitle "EXT 2012"]
[Source "ChessBase"]
[SourceDate "2011.11.24"]
[SourceVersion "1"]
[SourceVersionDate "2011.11.24"]
[SourceQuality "1"]

1. e4 c5 2. Nf3 Nc6 3. d4 cxd4 4. Nxd4 g6 5. Nc3 Bg7 6. Be3 Nf6 7. Be2 0-0 8. Nb3 d6 9. f3 Be6 10. Nd5 Bxd5 11. exd5 Ne5 12. f4 Ned7 13. 0-0 Rc8 14. Rc1 Ne4 15. Bd4 Ndf6 16. c4 a6 17. Qd3 Nc5 18. Nxc5 dxc5 19. Bc3 b5 20. Bf3 e6 21. Rcd1 exd5 22. Bxd5 Nxd5 23. Bxg7 Kxg7 24. cxd5 c4 25. Qd2 Re8 26. f5 Qb6+ 27. Kh1 f6 28. fxg6 hxg6 29. d6 Rcd8 30. Qd5 Re5 31. Qd2 Rd7 32. Rf4 Rxd6 0-1

[Event "Brasilia-ch sf2 50th"]
[Site "Brasilia"]
[Date "2010.06.26"]
[Round "5"]
[White "Barbosa, Simael Vieira"]
[Black "Barbalho, Gilsomar Silva"]
[Result "1-0"]
[WhiteElo "1963"]
[BlackElo "2027"]
[PlyCount "163"]
[EventDate "2010.06.19"]
[EventType "swiss"]
[EventRounds "7"]
[EventCountry "BRA"]
[SourceTitle "EXT 2012"]
[Source "ChessBase"]
[SourceDate "2011.11.24"]
[SourceVersion "1"]
[SourceVersionDate "2011.11.24"]
[SourceQuality "1"]

1. e4 c5 2. Nf3 d6 3. d4 cxd4 4. Nxd4 Nf6 5. Nc3 a6 6. Bg5 e6 7. Qd2 h6 8. Be3 Ng4 9. 0-0-0 Nxe3 10. Qxe3 Be7 11. Kb1 Nc6 12. Nb3 Qc7 13. f4 b5 14. Qg3 Bf6 15. e5 dxe5 16. Ne4 Nd4 17. Nxd4 exd4 18. Nxf6+ gxf6 19. Qg7 Rf8 20. Qxf6 Bb7 21. Rxd4 Rd8 22. Rxd8+ Qxd8 23. Qxd8+ Kxd8 24. Rg1 Be4 25. a4 b4 26. Bxa6 b3 27. Bd3 Bxd3 28. cxd3 Kd7 29. Rc1 Kd6 30. Rc3 Rb8 31. Rc4 h5 32. Kc1 h4 33. Kd2 Rg8 34. g3 hxg3 35. hxg3 Rxg3 36. Kc3 Rf3 37. a5 f6 38. a6 Rh3 39. Rc8 Rh1 40. Kxb3 Ra1 41. Ra8 Kc6 42. Rf8 f5 43. Ra8 Ra5 44. a7 Kb7 45. Re8 Kxa7 46. Rxe6 Rb5+ 47. Kc4 Rxb2 48. Re5 Kb6 49. Rxf5 Rc2+ 50. Kd4 Kc6 51. Rf6+ Kd7 52. Kd5 Ke7 53. Ra6 Rf2 54. Ke4 Re2+ 55. Kf3 Re1 56. Ra2 Kf6 57. Re2 Ra1 58. d4 Ra8 59. Re5 Ra1 60. Re2 Kf5 61. Re5+ Kf6 62. Ke4 Ra2 63. Rf5+ Kg6 64. Rf8 Kg7 65. Rc8 Kf6 66. Rc6+ Ke7 67. f5 Re2+ 68. Kf3 Rd2 69. Re6+ Kf7 70. Ke4 Ra2 71. Ke5 Ra1 72. d5 Rf1 73. Rf6+ Kg7 74. Re6 Kf7 75. d6 Rd1 76. Re7+ Kf8 77. f6 Rd2 78. d7 Rd1 79. Re8+ Kf7 80. d8Q Re1+ 81. Kf4 Rxe8 82. Qd7+ 1-0

[Event "Brasilia-ch sf2 50th"]
[Site "Brasilia"]
[Date "2010.06.19"]
[Round "2"]
[White "Barbosa, Simael Vieira"]
[Black "Cunha, Lucas Aguiar"]
[Result "0-1"]
[WhiteElo "1963"]
[BlackElo "2089"]
[PlyCount "134"]
[EventDate "2010.06.19"]
[EventType "swiss"]
[EventRounds "7"]
[EventCountry "BRA"]
[SourceTitle "EXT 2012"]
[Source "ChessBase"]
[SourceDate "2011.11.24"]
[SourceVersion "1"]
[SourceVersionDate "2011.11.24"]
[SourceQuality "1"]

1. e4 e5 2. Nf3 Nc6 3. Bb5 a6 4. Ba4 Nf6 5. 0-0 Be7 6. Re1 b5 7. Bb3 d6 8. c3 0-0 9. h3 Nb8 10. d4 Nbd7 11. Nbd2 Bb7 12. Bc2 Re8 13. Nf1 Bf8 14. Ng3 h6 15. Nh2 g6 16. Ng4 Nxg4 17. hxg4 Qh4 18. Nf1 Bg7 19. d5 Nf6 20. f3 Bc8 21. Be3 Nh7 22. Qd2 h5 23. g5 f5 24. gxf6 Qxf6 25. a4 Bd7 26. axb5 axb5 27. Bd3 Rxa1 28. Rxa1 Rb8 29. Ra7 Qd8 30. Qe2 Bf6 31. b4 Qc8 32. Qa2 Kg7 33. Bf2 Nf8 34. Nd2 c6 35. Nb1 Kh6 36. dxc6 Bxc6 37. Qf7 Qe6 38. Na3 g5 39. Qxe6 Nxe6 40. Ra6 Nd8 41. Nc2 Kg6 42. Ne3 Rc8 43. Be1 Kf7 44. Bc2 Ra8 45. Rb6 Ra1 46. Kf2 g4 47. Nf5 Ra2 48. Nxd6+ Ke7 49. Nf5+ Kd7 50. Ne3 Bg5 51. Bd2 Bxe3+ 52. Kxe3 Rxc2 53. Ra6 gxf3 54. gxf3 Nb7 55. Kd3 Rb2 56. Ra1 Nd6 57. Rh1 Nc4 58. Be1 Ke7 59. Rxh5 Be8 60. Rh7+ Kf6 61. Rh1 Kg5 62. Rh8 Bf7 63. Rf8 Nd6 64. Bd2+ Kf6 65. f4 Ke7 66. Ra8 Bc4+ 67. Ke3 exf4+ 0-1

[Event "Brasilia TR Centro Oeste op"]
[Site "Brasilia"]
[Date "2009.04.??"]
[Round "2"]
[White "Lucena, Lincoln"]
[Black "Barbosa, Simael Vieira"]
[Result "1-0"]
[WhiteElo "2206"]
[BlackElo "1960"]
[PlyCount "63"]
[EventDate "2009.04.??"]
[EventType "swiss"]
[EventRounds "7"]
[EventCountry "BRA"]
[SourceTitle "EXT 2011"]
[Source "ChessBase"]
[SourceDate "2010.11.26"]
[SourceVersion "1"]
[SourceVersionDate "2010.11.26"]
[SourceQuality "1"]

1. e4 c5 2. Nf3 e6 3. d4 cxd4 4. Nxd4 a6 5. Be2 Qc7 6. f4 Nc6 7. Nc3 b5 8. Bf3 Nge7 9. Nb3 Ng6 10. g3 Be7 11. Be3 0-0 12. h4 Rd8 13. h5 Nf8 14. Qd2 b4 15. Na4 Rb8 16. Qf2 Re8 17. Bb6 Qb7 18. e5 Bd8 19. Be3 d5 20. exd6 Qd7 21. 0-0-0 Na5 22. Nbc5 Qb5 23. b3 Nd7 24. h6 g6 25. Qd2 Nxc5 26. Nxc5 Bd7 27. Be2 Qc6 28. Nxa6 Ra8 29. Nxb4 Qc8 30. Qd4 f6 31. Rhf1 Rb8 32. Ba6 1-0